| 000 | 01154naa a22003017a 4500 | ||
|---|---|---|---|
| 001 | BR7806902 | ||
| 003 | BR-BrBNA | ||
| 005 | 20240918174248.0 | ||
| 007 | ta | ||
| 008 | 230509b bl.||||| |||| 00| 0 por d | ||
| 040 |
_aBR-BrBNA _bpor _cBiblioteca Nacional de Agricultura |
||
| 041 | _a(Pt) | ||
| 072 |
_aF00; N20 _b0230 _b4530 _bG514 |
||
| 090 | _aF00 BR7806902 | ||
| 100 | 1 | _aCosta, E.F.S. da | |
| 100 | 1 | _aSantos, A.J.R. dos | |
| 100 | 1 | _aAlbuquerque, F. de M. | |
| 111 | 1 |
_a8. Congresso Brasileiro de Engenharia Agricola _cBotucatu, SP (Brazil) _d5-7 Jul 1978 |
|
| 245 | 1 | _aResultados preliminares de ensaio com a plantadeira de cana Martins, modelo PCM7, na regiao canavieira de Pernambuco | |
| 260 | 3 |
_aBotucatu, SP (Brasil): _c1978. |
|
| 500 | _aAnais do 8. Congresso Brasileiro de Engenharia Agricola Botucatu, SP (Brasil): 1978. p. 99-115 (BR7806902-AM)F00 | ||
| 650 | _aCANA DE ACUCAR | ||
| 650 | _aPLANTADEIRA | ||
| 650 | _aPERNAMBUCO | ||
| 773 | 0 |
_tAnais do 8. Congresso Brasileiro de Engenharia Agricola _wF00 BR7806902 _gBotucatu, SP (Brasil), 1978. p. 99-115 |
|
| 909 |
_a202404 _bLucia _c55 _dLucia Elande |
||
| 942 |
_cAM _2AGRIS |
||
| 999 |
_c309952 _d309952 |
||